<?xml version="1.0" encoding="UTF-8"?>
<record
    xmlns:xsi="http://www.w3.org/2001/XMLSchema-instance"
    xsi:schemaLocation="http://www.loc.gov/MARC21/slim http://www.loc.gov/standards/marcxml/schema/MARC21slim.xsd"
    xmlns="http://www.loc.gov/MARC21/slim">

  <leader>00701nam a2200217Ia 4500</leader>
  <controlfield tag="005">20220830144928.0</controlfield>
  <controlfield tag="008">210716s2003    xx            000 0 und d</controlfield>
  <datafield tag="020" ind1=" " ind2=" ">
    <subfield code="a">8173666768</subfield>
  </datafield>
  <datafield tag="040" ind1=" " ind2=" ">
    <subfield code="c">AIMIT LIBRARY</subfield>
  </datafield>
  <datafield tag="041" ind1=" " ind2=" ">
    <subfield code="a">eng</subfield>
  </datafield>
  <datafield tag="082" ind1=" " ind2=" ">
    <subfield code="a">574.80285 </subfield>
    <subfield code="2">1</subfield>
    <subfield code="b">TISJ</subfield>
  </datafield>
  <datafield tag="100" ind1=" " ind2=" ">
    <subfield code="a">Tisdall, James D.</subfield>
    <subfield code="9">56199</subfield>
  </datafield>
  <datafield tag="245" ind1=" " ind2=" ">
    <subfield code="a">Mastering perl for bioinformatics /</subfield>
    <subfield code="c">By James D Tisdall.</subfield>
  </datafield>
  <datafield tag="250" ind1=" " ind2=" ">
    <subfield code="a">1st ed.</subfield>
  </datafield>
  <datafield tag="260" ind1=" " ind2=" ">
    <subfield code="a">Mumbai :</subfield>
    <subfield code="b">Shroff  Publishers and Distributors Pvt Ltd ,</subfield>
    <subfield code="c">2003.</subfield>
  </datafield>
  <datafield tag="300" ind1=" " ind2=" ">
    <subfield code="a">xvi, 377,15p. ;</subfield>
    <subfield code="c">23 cm.</subfield>
  </datafield>
  <datafield tag="650" ind1=" " ind2=" ">
    <subfield code="a">Object oriented programming in perl</subfield>
    <subfield code="9">56200</subfield>
  </datafield>
  <datafield tag="650" ind1=" " ind2=" ">
    <subfield code="a">Perl and bioinformatics</subfield>
    <subfield code="9">56201</subfield>
  </datafield>
  <datafield tag="650" ind1=" " ind2=" ">
    <subfield code="a">Perl and graphics</subfield>
    <subfield code="9">56202</subfield>
  </datafield>
  <datafield tag="942" ind1=" " ind2=" ">
    <subfield code="2">ddc</subfield>
    <subfield code="c">BK</subfield>
    <subfield code="e">1st</subfield>
    <subfield code="k">574.80285 TISJ</subfield>
  </datafield>
  <datafield tag="999" ind1=" " ind2=" ">
    <subfield code="c">189729</subfield>
    <subfield code="d">189729</subfield>
  </datafield>
  <datafield tag="952" ind1=" " ind2=" ">
    <subfield code="0">0</subfield>
    <subfield code="1">0</subfield>
    <subfield code="2">ddc</subfield>
    <subfield code="4">0</subfield>
    <subfield code="7">0</subfield>
    <subfield code="8">MCA</subfield>
    <subfield code="a">AIMIT</subfield>
    <subfield code="b">AIMIT</subfield>
    <subfield code="e">Book World</subfield>
    <subfield code="g">300.00</subfield>
    <subfield code="i">Bill no:2887; Bill dt:2004-03-25</subfield>
    <subfield code="l">0</subfield>
    <subfield code="o">574.80285 TISJ</subfield>
    <subfield code="p">MCA05708</subfield>
    <subfield code="r">2025-07-21 00:00:00</subfield>
    <subfield code="v">225.00</subfield>
    <subfield code="w">2021-07-16</subfield>
    <subfield code="y">BK</subfield>
  </datafield>
  <datafield tag="952" ind1=" " ind2=" ">
    <subfield code="0">0</subfield>
    <subfield code="1">0</subfield>
    <subfield code="2">ddc</subfield>
    <subfield code="4">0</subfield>
    <subfield code="7">0</subfield>
    <subfield code="8">MCA</subfield>
    <subfield code="a">AIMIT</subfield>
    <subfield code="b">AIMIT</subfield>
    <subfield code="e">Gangarams Book Bureau</subfield>
    <subfield code="g">300.00</subfield>
    <subfield code="i">Bill no:3753; Bill dt:2004-01-07</subfield>
    <subfield code="l">0</subfield>
    <subfield code="o">574.80285 TISJ</subfield>
    <subfield code="p">MCA05906</subfield>
    <subfield code="r">2025-07-21 00:00:00</subfield>
    <subfield code="v">270.00</subfield>
    <subfield code="w">2021-07-16</subfield>
    <subfield code="y">BK</subfield>
  </datafield>
  <datafield tag="952" ind1=" " ind2=" ">
    <subfield code="0">0</subfield>
    <subfield code="1">0</subfield>
    <subfield code="2">ddc</subfield>
    <subfield code="4">0</subfield>
    <subfield code="7">0</subfield>
    <subfield code="8">MCA</subfield>
    <subfield code="a">AIMIT</subfield>
    <subfield code="b">AIMIT</subfield>
    <subfield code="e">Sita Book House</subfield>
    <subfield code="g">300.00</subfield>
    <subfield code="i">Bill no:239; Bill dt:2008-08-13</subfield>
    <subfield code="l">0</subfield>
    <subfield code="o">574.80285 TISJ</subfield>
    <subfield code="p">MCA08205</subfield>
    <subfield code="r">2025-07-21 00:00:00</subfield>
    <subfield code="v">225.00</subfield>
    <subfield code="w">2021-07-16</subfield>
    <subfield code="y">BK</subfield>
  </datafield>
  <datafield tag="952" ind1=" " ind2=" ">
    <subfield code="0">0</subfield>
    <subfield code="1">0</subfield>
    <subfield code="2">ddc</subfield>
    <subfield code="4">0</subfield>
    <subfield code="7">0</subfield>
    <subfield code="8">MCA</subfield>
    <subfield code="a">AIMIT</subfield>
    <subfield code="b">AIMIT</subfield>
    <subfield code="e">Sita Book House</subfield>
    <subfield code="g">300.00</subfield>
    <subfield code="i">Bill no:239; Bill dt:2008-08-13</subfield>
    <subfield code="l">0</subfield>
    <subfield code="o">574.80285 TISJ</subfield>
    <subfield code="p">MCA08206</subfield>
    <subfield code="r">2025-07-21 00:00:00</subfield>
    <subfield code="v">225.00</subfield>
    <subfield code="w">2021-07-16</subfield>
    <subfield code="y">BK</subfield>
  </datafield>
  <datafield tag="952" ind1=" " ind2=" ">
    <subfield code="0">0</subfield>
    <subfield code="1">0</subfield>
    <subfield code="2">ddc</subfield>
    <subfield code="4">0</subfield>
    <subfield code="7">0</subfield>
    <subfield code="8">MCA</subfield>
    <subfield code="a">AIMIT</subfield>
    <subfield code="b">AIMIT</subfield>
    <subfield code="e">Sita Book House</subfield>
    <subfield code="g">300.00</subfield>
    <subfield code="i">Bill no:239; Bill dt:2008-08-13</subfield>
    <subfield code="l">0</subfield>
    <subfield code="o">574.80285 TISJ</subfield>
    <subfield code="p">MCA08207</subfield>
    <subfield code="r">2025-07-21 00:00:00</subfield>
    <subfield code="v">225.00</subfield>
    <subfield code="w">2021-07-16</subfield>
    <subfield code="y">BK</subfield>
  </datafield>
  <datafield tag="952" ind1=" " ind2=" ">
    <subfield code="0">0</subfield>
    <subfield code="1">0</subfield>
    <subfield code="2">ddc</subfield>
    <subfield code="4">0</subfield>
    <subfield code="7">0</subfield>
    <subfield code="8">MCA</subfield>
    <subfield code="a">AIMIT</subfield>
    <subfield code="b">AIMIT</subfield>
    <subfield code="e">Sita Book House</subfield>
    <subfield code="g">300.00</subfield>
    <subfield code="i">Bill no:239; Bill dt:2008-08-13</subfield>
    <subfield code="l">0</subfield>
    <subfield code="o">574.80285 TISJ</subfield>
    <subfield code="p">MCA08208</subfield>
    <subfield code="r">2025-07-21 00:00:00</subfield>
    <subfield code="v">225.00</subfield>
    <subfield code="w">2021-07-16</subfield>
    <subfield code="y">BK</subfield>
  </datafield>
  <datafield tag="952" ind1=" " ind2=" ">
    <subfield code="0">0</subfield>
    <subfield code="1">0</subfield>
    <subfield code="2">ddc</subfield>
    <subfield code="4">0</subfield>
    <subfield code="7">0</subfield>
    <subfield code="8">MCA</subfield>
    <subfield code="a">AIMIT</subfield>
    <subfield code="b">AIMIT</subfield>
    <subfield code="e">Sita Book House</subfield>
    <subfield code="g">300.00</subfield>
    <subfield code="i">Bill no:239; Bill dt:2008-08-13</subfield>
    <subfield code="l">0</subfield>
    <subfield code="o">574.80285 TISJ</subfield>
    <subfield code="p">MCA08209</subfield>
    <subfield code="r">2025-07-21 00:00:00</subfield>
    <subfield code="v">225.00</subfield>
    <subfield code="w">2021-07-16</subfield>
    <subfield code="y">BK</subfield>
  </datafield>
  <datafield tag="952" ind1=" " ind2=" ">
    <subfield code="0">0</subfield>
    <subfield code="1">0</subfield>
    <subfield code="2">ddc</subfield>
    <subfield code="4">0</subfield>
    <subfield code="7">0</subfield>
    <subfield code="8">MCA</subfield>
    <subfield code="a">AIMIT</subfield>
    <subfield code="b">AIMIT</subfield>
    <subfield code="e">Sita Book House</subfield>
    <subfield code="g">300.00</subfield>
    <subfield code="i">Bill no:239; Bill dt:2008-08-13</subfield>
    <subfield code="l">0</subfield>
    <subfield code="o">574.80285 TISJ</subfield>
    <subfield code="p">MCA08210</subfield>
    <subfield code="r">2025-07-21 00:00:00</subfield>
    <subfield code="v">225.00</subfield>
    <subfield code="w">2021-07-16</subfield>
    <subfield code="y">BK</subfield>
  </datafield>
  <datafield tag="952" ind1=" " ind2=" ">
    <subfield code="0">0</subfield>
    <subfield code="1">0</subfield>
    <subfield code="2">ddc</subfield>
    <subfield code="4">0</subfield>
    <subfield code="7">0</subfield>
    <subfield code="8">MCA</subfield>
    <subfield code="a">AIMIT</subfield>
    <subfield code="b">AIMIT</subfield>
    <subfield code="e">Sita Book House</subfield>
    <subfield code="g">300.00</subfield>
    <subfield code="i">Bill no:239; Bill dt:2008-08-13</subfield>
    <subfield code="l">0</subfield>
    <subfield code="o">574.80285 TISJ</subfield>
    <subfield code="p">MCA08211</subfield>
    <subfield code="r">2025-07-21 00:00:00</subfield>
    <subfield code="v">225.00</subfield>
    <subfield code="w">2021-07-16</subfield>
    <subfield code="y">BK</subfield>
  </datafield>
  <datafield tag="952" ind1=" " ind2=" ">
    <subfield code="0">0</subfield>
    <subfield code="1">0</subfield>
    <subfield code="2">ddc</subfield>
    <subfield code="4">0</subfield>
    <subfield code="7">0</subfield>
    <subfield code="8">MCA</subfield>
    <subfield code="a">AIMIT</subfield>
    <subfield code="b">AIMIT</subfield>
    <subfield code="e">Sita Book House</subfield>
    <subfield code="g">300.00</subfield>
    <subfield code="i">Bill no:239; Bill dt:2008-08-13</subfield>
    <subfield code="l">0</subfield>
    <subfield code="o">574.80285 TISJ</subfield>
    <subfield code="p">MCA08212</subfield>
    <subfield code="r">2025-07-21 00:00:00</subfield>
    <subfield code="v">225.00</subfield>
    <subfield code="w">2021-07-16</subfield>
    <subfield code="y">BK</subfield>
  </datafield>
  <datafield tag="952" ind1=" " ind2=" ">
    <subfield code="0">0</subfield>
    <subfield code="1">0</subfield>
    <subfield code="2">ddc</subfield>
    <subfield code="4">0</subfield>
    <subfield code="7">0</subfield>
    <subfield code="8">MCA</subfield>
    <subfield code="a">AIMIT</subfield>
    <subfield code="b">AIMIT</subfield>
    <subfield code="e">Sita Book House</subfield>
    <subfield code="g">300.00</subfield>
    <subfield code="i">Bill no:239; Bill dt:2008-08-13</subfield>
    <subfield code="l">0</subfield>
    <subfield code="o">574.80285 TISJ</subfield>
    <subfield code="p">MCA08213</subfield>
    <subfield code="r">2025-07-21 00:00:00</subfield>
    <subfield code="v">225.00</subfield>
    <subfield code="w">2021-07-16</subfield>
    <subfield code="y">BK</subfield>
  </datafield>
  <datafield tag="952" ind1=" " ind2=" ">
    <subfield code="0">0</subfield>
    <subfield code="1">0</subfield>
    <subfield code="2">ddc</subfield>
    <subfield code="4">0</subfield>
    <subfield code="7">0</subfield>
    <subfield code="8">MCA</subfield>
    <subfield code="a">AIMIT</subfield>
    <subfield code="b">AIMIT</subfield>
    <subfield code="e">Sita Book House</subfield>
    <subfield code="g">300.00</subfield>
    <subfield code="i">Bill no:239; Bill dt:2008-08-13</subfield>
    <subfield code="l">0</subfield>
    <subfield code="o">574.80285 TISJ</subfield>
    <subfield code="p">MCA08214</subfield>
    <subfield code="r">2025-07-21 00:00:00</subfield>
    <subfield code="v">225.00</subfield>
    <subfield code="w">2021-07-16</subfield>
    <subfield code="y">BK</subfield>
  </datafield>
  <datafield tag="952" ind1=" " ind2=" ">
    <subfield code="0">0</subfield>
    <subfield code="1">0</subfield>
    <subfield code="2">ddc</subfield>
    <subfield code="4">0</subfield>
    <subfield code="7">0</subfield>
    <subfield code="8">MCA</subfield>
    <subfield code="a">AIMIT</subfield>
    <subfield code="b">AIMIT</subfield>
    <subfield code="e">Sita Book House</subfield>
    <subfield code="g">300.00</subfield>
    <subfield code="i">Bill no:6467; Bill dt:2008-10-10</subfield>
    <subfield code="l">0</subfield>
    <subfield code="o">574.80285 TISJ</subfield>
    <subfield code="p">MCA08399</subfield>
    <subfield code="r">2025-07-21 00:00:00</subfield>
    <subfield code="v">240.00</subfield>
    <subfield code="w">2021-07-16</subfield>
    <subfield code="y">BK</subfield>
  </datafield>
  <datafield tag="952" ind1=" " ind2=" ">
    <subfield code="0">0</subfield>
    <subfield code="1">0</subfield>
    <subfield code="2">ddc</subfield>
    <subfield code="4">0</subfield>
    <subfield code="7">0</subfield>
    <subfield code="8">MCA</subfield>
    <subfield code="a">AIMIT</subfield>
    <subfield code="b">AIMIT</subfield>
    <subfield code="e">Athulya Books</subfield>
    <subfield code="g">300.00</subfield>
    <subfield code="i">Bill no:ABK 173; Bill dt:2009-07</subfield>
    <subfield code="l">0</subfield>
    <subfield code="o">574.80285 TISJ</subfield>
    <subfield code="p">MCA09237</subfield>
    <subfield code="r">2025-07-21 00:00:00</subfield>
    <subfield code="v">234.00</subfield>
    <subfield code="w">2021-07-16</subfield>
    <subfield code="y">BK</subfield>
  </datafield>
</record>
